Optimalizácia systému miestnych daní v SR so zameraním na daň z nehnuteľností diplomová práca

Guardado en:
Detalles Bibliográficos
Autor principal: Suranová, Oľga
Autor Corporativo: Národohospodárska fakulta EU. Katedra financií
Otros Autores: Neubauerová, Erika, 1968-
Formato: Libro
Lenguaje:eslovaco
Publicado: Bratislava 2008
Etiquetas: Agregar Etiqueta
Sin Etiquetas, Sea el primero en etiquetar este registro!

MARC

LEADER 00000nam$a2200000$$$4500
001 0078763
005 20240201115904.9
041 0 |a slo 
044 |a SK 
245 1 0 |a Optimalizácia systému miestnych daní v SR so zameraním na daň z nehnuteľností  |b diplomová práca  |c Oľga Suranová ; škol. Erika Neubauerová 
264 1 |a Bratislava  |c 2008 
300 |a 83 s. 
100 1 |a Suranová, Oľga 
700 1 |a Neubauerová, Erika, 1968- 
710 2 |a Národohospodárska fakulta EU. Katedra financií